00556 2200193 4500245007600000020001800076250001100094100001900105700001700124700002500141650001700166005001900183260004200202041001400244084001300258500007100271336000900342338001100351 aScarlet Fan b : the tale of eternal love Vol. 1cKyoko, KumagaihText a9786022107385 aCet. 1 aKyoko, Kumagai aMustika Arum aChristina Humanbrata aKomik Jepang a20230131093306 aJakartabGramedia Pustaka Utamac2012 aIndonesia a741.5592 aJudul asli : Ayakashi Hisen Vol. 1Diterjemahkan dari bahasa Jepang atext avolume